• 首页
  • 本馆介绍
  • 公告通知
  • 最新文献
  • 馆藏检索
  • 电子资源
  • 读者导购
  • 参考咨询
  • 我的图书馆
  • 登录
  • 详细信息显示
  • 放入我的书架
  • 预约/预借图书
  • 作者相关作品
  • 分类相关作品
  • 丛书相关作品
  • 出版社相关作品

书目信息

  • 表格格式
  • 工作单格式
  • 卡片格式
题名:
体育康复训练概论
    
 
作者: 周多奇 著
分册:  
出版信息: 青岛   中国海洋大学出版社  2020.05
页数: 189页
开本: 24cm
丛书名:
单 册:
中图分类: G808.1 , R493
科图分类:
主题词: 体育运动--ti yu yun dong--运动训练--康复训练--研究
电子资源:
ISBN: 978-7-5670-1925-6
000 00854nam0 2200241 450
001 0109110106
005 20201109110334.0
010    @a978-7-5670-1925-6@dCNY63.00
100    @a20200604d2020 em y0chiy50 ea
101 0  @achi
102    @aCN@b370000
105    @aa z 000yy
106    @ar
200 1  @a体育康复训练概论@Ati yu kang fu xun lian gai lun@f周多奇著
210    @a青岛@c中国海洋大学出版社@d2020.05
215    @a189页@c图@d24cm
330    @a本书开篇阐述了体育锻炼对人身心的健康发展的积极作用,接着介绍了体育康复的缘起、基本原理、特征及理论基础,然后从体育康复治疗方法和实践中对常见伤病的康复治疗训练展开具体的论述。
606 0  @a体育运动@Ati yu yun dong@x运动训练@x康复训练@x研究
690    @aG808.1@v5
690    @aR493@v5
701  0 @a周多奇@Azhou duo qi@4著
801  0 @aCN@bBJSZM@c20201103
905    @b1266636-40@dG808.1@e796@f5
    
    体育康复训练概论/周多奇著.-青岛:中国海洋大学出版社,2020.05
    189页:图;24cm
    
    
    ISBN 978-7-5670-1925-6:CNY63.00
    本书开篇阐述了体育锻炼对人身心的健康发展的积极作用,接着介绍了体育康复的缘起、基本原理、特征及理论基础,然后从体育康复治疗方法和实践中对常见伤病的康复治疗训练展开具体的论述。
●
相关链接 在E读中查询图书 在五车中查询图书 在当当中查询图书 在豆瓣中查询图书


正题名:体育康复训练概论     索取号:G808.1/796         预约/预借

序号 登录号 条形码 馆藏地/架位号 状态 备注
1 1266636   212666364   教育系资料室/ [索取号:G808.1/796] 在馆    
2 1266637   212666373   教育系资料室/ [索取号:G808.1/796] 在馆    
3 1266638   212666382   教育系资料室/ [索取号:G808.1/796] 在馆    
4 1266639   212666391   第四借阅区/ [索取号:G808.1/796] 在馆    
5 1266640   212666408   第四借阅区/ [索取号:G808.1/796] 在馆    
6 1289719   212897196   第一样本阅览室/ [索取号:G808.1/796] 在馆    
7 1289720   212897203   第四借阅区/ [索取号:G808.1/796] 在馆    
8 1289721   212897212   第四借阅区/ [索取号:G808.1/796] 在馆    
9 1289722   212897221   第四借阅区/ [索取号:G808.1/796] 在馆    
唐山师范学院图书馆 欢迎您!
大连网信软件有限公司© 版权所有